The effect of INS v. Chadha on section 402 (Jackson-Vanik amendment) of the Trade act of 1974 /

Bibliographic Details
Main Author: Grimmett, Jeanne J.
Corporate Author: Library of Congress. Congressional Research Service
Format: Microform Book
Language:English
Published: [Washington, D.C.] : Congressional Research Service, Library of Congress, [1990]
Series:Major studies and issue briefs of the Congressional Research Service. Supplement ; 1990, reel 9, fr. 1059.
Subjects:

MARC

Tag First Indicator Second Indicator Subfields
LEADER 00000cam a2200000 a 4500
001 in00001295513
005 20151004092012.0
007 hd afa014baca
008 930215s1990 dcu ab f000 0 eng d
035 |a (OCoLC)27436200 
035 |9 AGZ6816AM 
040 |a UP3  |c UP3  |d UtOrBLW 
043 |a n-us--- 
049 |a TXAI 
090 |a JK1108  |b .M35 Suppl. 1990 reel 9 
099 |a Film   |a  S   |a  1717 1990, reel 9, fr. 1059. 
100 1 |a Grimmett, Jeanne J. 
245 1 4 |a The effect of INS v. Chadha on section 402 (Jackson-Vanik amendment) of the Trade act of 1974 /  |c Jeanne J. Grimmett. 
264 1 |a [Washington, D.C.] :  |b Congressional Research Service, Library of Congress,  |c [1990] 
300 |a 17 pages ;  |c 28 cm. 
336 |a text  |b txt  |2 rdacontent 
337 |a microform  |b h  |2 rdamedia 
338 |a microfilm reel  |b hd  |2 rdacarrier 
500 |a Cover title. 
500 |a At head of title: CRS report for Congress. 
500 |a "July 12, 1983 ; revised January 18, 1990." 
504 |a Includes bibliographical references. 
500 |a "90-49 A." 
533 |a Microfilm.  |b Arlington, Va. :  |c University Publications of America,  |d 1991.  |e on 1 microfilm reel ; 35 mm. Low reduction.  |f (Major studies and issue briefs of the Congressional Research Service. 1990 supplement ; reel 9, fr. 1059). 
500 |a Microform. 
651 0 |a United States  |v Commercial treaties. 
650 0 |a Emigration and immigration  |z United States. 
710 2 |a Library of Congress.  |b Congressional Research Service. 
740 0 |a INS vs. Chadha. 
830 0 |a Major studies and issue briefs of the Congressional Research Service.  |p Supplement ;  |v 1990, reel 9, fr. 1059. 
999 |a MARS 
999 f f |s 1d97ab24-c667-398d-86fc-e9a33c82bccf  |i dafe9c42-bcdc-321a-b484-2231244c6549  |t 0 
952 f f |p default  |a Texas A&M University  |b College Station  |c Sterling C. Evans Library  |d Evans: Microforms (3rd floor)  |t 0  |e Film S 1707 1990, reel 9 fr. 1059  |h Other scheme  |i microform -- microfilm reel 
998 f f |a Film S 1707 1990, reel 9 fr. 1059  |t 0  |l Evans: Microforms (3rd floor)